Provinzen des Deutschen Kaiserreiches - mit Karte - Statistiken

Allgemein
  • Dieses Quiz wurde 2.585 mal gespielt
  • Das Durchschnittsergebnis liegt bei 37 aus 157
Antworten auf der Karte
Die Antworten werden auf der Karte rot bzw. grün angezeigt, abhängig davon wie oft sie richtig erraten wurden.
 
Antwortstatistiken
Provinz % Korrekt
Berlin
87%
Schleswig-Holstein
86%
Brandenburg
84%
Hamburg
83%
Sachsen
83%
Westkreis
81%
Hannover
78%
Bremen
77%
Bremen
77%
Ostkreis
77%
Hessen-Nassau
74%
Pommern
72%
Schlesien
71%
Rheinland
69%
Lübeck (Eutin)
64%
Dresden
63%
Lübeck
63%
Lübeck
63%
Ostpreußen
63%
Westfalen
62%
Leipzig
61%
Oberbayern
61%
Oldenburg
60%
Oldenburg
60%
Rostock
60%
Schwerin
60%
Pfalz
58%
Niederbayern
57%
Oberfranken
56%
Lothringen
55%
Schwaben
55%
Westpreußen
51%
Unterfranken
49%
Braunschweig
48%
Freiburg
48%
Weimar
43%
Mittelfranken
41%
Posen
41%
Bremerhaven
40%
Hohenzollern
40%
Karlsruhe
39%
Oberpfalz
37%
Gotha
35%
Gotha
35%
Coburg
34%
Coburg
34%
Rheinhessen
34%
Mannheim
33%
Eisenach
31%
Gera
31%
Wismar
31%
Zwickau
31%
Konstanz
30%
Neustrelitz
28%
Königsberg
24%
Königsberg
24%
Meiningen
23%
Neubrandenburg
23%
Bautzen
22%
Rudolstadt
21%
Dessau
20%
Pyrmont
18%
Sondershausen
18%
Schwarzwaldkreis
17%
Oberelsaß
16%
Cloppenburg
15%
Ludwigslust
15%
Unterelsaß
15%
Delmenhorst
14%
Detmold
14%
Detmold
14%
Vechta
14%
Güstrow
13%
Parchim
13%
Donaukreis
10%
Greiz
10%
Jever
10%
Jever
10%
Neckarkreis
10%
Waren
10%
Cöthen
9%
Saalfeld
9%
Sonneberg
9%
Wolfenbüttel
9%
Oberhessen
8%
Zerbst
8%
Apolda
7%
Bernburg
7%
Birkenfeld
7%
Helmstedt
7%
Hildburghausen
7%
Neustadt
7%
Brake
6%
Lemgo
6%
Neustadt
6%
Varel
6%
Jagstkreis
6%
Ribnitz
6%
Starkenburg
6%
Varel
6%
Arnstadt
5%
Bückeburg
5%
Doberan
5%
Grevesmühlen
5%
Hagenow
5%
Holzminden
5%
Bückeburg
5%
Bergedorf
4%
Blankenburg
4%
Butjadingen
4%
Dermbach
4%
Friesoythe
4%
Lage
4%
Stadthagen
4%
Kreis der Eder
4%
Kreis der Twiste
4%
Kreis des Eisenberges
4%
Lage
4%
Malchin
4%
Schleiz
4%
Schönberg
4%
Stadthagen
4%
Westerstede
4%
Ballenstedt
3%
Blomberg
3%
Elsfleth
3%
Horn
3%
Blomberg
3%
Horn
3%
Ohrdruf
3%
Salzuflen
3%
Königsee
3%
Ohrdruf
3%
Ritzebüttel
3%
Sternberg-Barntrup
3%
Wildeshausen
3%
Burgk
2%
Ebeleben
2%
Frankenhausen
2%
Gandersheim
2%
Geestlande
2%
Gehren
2%
Barntrup
2%
Rodach
2%
Schwalenberg
2%
Vegesack
2%
Waltershausen
2%
Marschlande
2%
Oerlinghausen
2%
Schieder
2%
Schötmar
2%
Schwalenberg
2%
Waltershausen
2%
Hohenhausen
1%
Lipperode-Cappel
1%
Varenholz
1%
Keine übereinstimmenden Quizze gefunden
Verteilung der Resultate
Anzahl Personen mit jedem Resultat
Perzentil nach korrekt beantworteten Fragen
Ihre Resultats-Entwicklung
Sie haben dieses Quiz noch nicht gespielt